|
|
|
|
| LEADER |
00000cam a22000004a 4500 |
| 001 |
musev2_8685 |
| 003 |
MdBmJHUP |
| 005 |
20230905040959.0 |
| 006 |
m o d |
| 007 |
cr||||||||nn|n |
| 008 |
080326s2008 wiu o 00 0 eng d |
| 010 |
|
|
|z 2008011968
|
| 020 |
|
|
|a 9780299229535
|
| 020 |
|
|
|z 9780299229504
|
| 035 |
|
|
|a (OCoLC)608692469
|
| 040 |
|
|
|a MdBmJHUP
|c MdBmJHUP
|
| 043 |
|
|
|a e-ur---
|
| 050 |
0 |
4 |
|a PG3453.B6
|b Z69575 2008
|
| 082 |
0 |
|
|a 891.71/3
|2 22
|
| 100 |
1 |
|
|a Presto, Jenifer.
|
| 245 |
1 |
0 |
|a Beyond the Flesh :
|b Alexander Blok, Zinaida Gippius, and the Symbolist Sublimation of Sex /
|c Jenifer Presto.
|
| 264 |
|
1 |
|a Madison, Wis. :
|b University of Wisconsin Press,
|c 2008.
|
| 264 |
|
3 |
|a Baltimore, Md. :
|b Project MUSE,
|c 2012
|
| 264 |
|
4 |
|c ©2008.
|
| 300 |
|
|
|a 1 online resource (352 pages).
|
| 336 |
|
|
|a text
|b txt
|2 rdacontent
|
| 337 |
|
|
|a computer
|b c
|2 rdamedia
|
| 338 |
|
|
|a online resource
|b cr
|2 rdacarrier
|
| 504 |
|
|
|a Includes bibliographical references (p. 251-315) and index.
|
| 588 |
|
|
|a Description based on print version record.
|
| 600 |
1 |
0 |
|a Gippius, Z. N.
|q (Zinaida Nikolaevna),
|d 1869-1945
|x Criticism and interpretation.
|
| 600 |
1 |
0 |
|a Blok, Aleksandr Aleksandrovich,
|d 1880-1921
|x Criticism and interpretation.
|
| 650 |
|
0 |
|a Sex in literature.
|
| 650 |
|
0 |
|a Sublimation (Psychology) in literature.
|
| 650 |
|
0 |
|a Symbolism (Literary movement)
|z Russia.
|
| 655 |
|
7 |
|a Electronic books.
|2 local
|
| 710 |
2 |
|
|a Project Muse.
|e distributor
|
| 830 |
|
0 |
|a Book collections on Project MUSE.
|
| 856 |
4 |
0 |
|z Texto completo
|u https://projectmuse.uam.elogim.com/book/8685/
|
| 945 |
|
|
|a Project MUSE - Custom Collection
|
| 945 |
|
|
|a Project MUSE - Archive Complete Foundation
|
| 945 |
|
|
|a Project MUSE - Archive Literature Foundation
|